00498 a2200121 450000500170000002000180001708200200003511100090005524500860006426000490015030000580019985601190025720250602121724.0 a0-7517-1962-5 aLECT 657.48 CIM aCIMA aManagerial Paper P2: Management accounting-decision management: for exams in 2005 aLondon,bBPP Professional education,c2005.  aiii, 171p.: ill.; chart, graph, figure, table.c15cm, yAccess online bookfManagerial Paper P2: Management accounting-decision management: for exams in 2005dwww.bpp.com